Statistics for Muse Albums Tile Select

Click here to take the quiz!

General Stats

  • This quiz has been taken 68 times
  • The average score is 41 of 45

Answer Stats

QuestionTileSelect% Correct
the following songs that are on Black Holes and Revelations (2006).Supermassive Black HoleYes
100%
the following songs that are on Absolution (2003).Time Is Running OutYes
100%
the following songs that are on Origin of Symmetry (2001).EscapeNo
98%
the following songs that are on Absolution (2003).Butterflies and HurricanesYes
96%
the following songs that are on Absolution (2003).HoodooNo
96%
the following songs that are on Absolution (2003).Knights of CydoniaNo
96%
the following songs that are on Showbiz (1999).Muscle MuseumYes
96%
the following songs that are on Absolution (2003).StarlightNo
96%
the following songs that are on Origin of Symmetry (2001).UnoNo
96%
the following songs that are on Absolution (2003).City of DelusionNo
95%
the following songs that are on Origin of Symmetry (2001).ComaNo
95%
the following songs that are on Showbiz (1999).Feeling GoodNo
95%
the following songs that are on Absolution (2003).HysteriaYes
95%
the following songs that are on Origin of Symmetry (2001).New BornYes
95%
the following songs that are on Black Holes and Revelations (2006).Space DementiaNo
95%
the following songs that are on Origin of Symmetry (2001).Plug In BabyYes
93%
the following songs that are on Showbiz (1999).ScreenagerNo
93%
the following songs that are on The Resistance (2009).Stockholm SyndromeNo
93%
the following songs that are on The Resistance (2009).Undisclosed DesiresYes
93%
the following songs that are on Black Holes and Revelations (2006).AssassinYes
91%
the following songs that are on Showbiz (1999).BlissNo
91%
the following songs that are on Origin of Symmetry (2001).Citizen ErasedYes
91%
the following songs that are on The Resistance (2009).Follow MeNo
91%
the following songs that are on Showbiz (1999).Hyper MusicNo
91%
the following songs that are on Black Holes and Revelations (2006).Map of the ProblematiqueYes
91%
the following songs that are on The Resistance (2009).UprisingYes
91%
the following songs that are on The Resistance (2009).MadnessNo
89%
the following songs that are on The Resistance (2009).MK UltraYes
89%
the following songs that are on Origin of Symmetry (2001).SunburnNo
89%
the following songs that are on Black Holes and Revelations (2006).Thoughts of a Dying AtheistNo
89%
the following songs that are on The Resistance (2009).Unnatural SelectionYes
89%
the following songs that are on The Resistance (2009).AftermathNo
88%
the following songs that are on Black Holes and Revelations (2006).BlackoutNo
88%
the following songs that are on Showbiz (1999).CaveYes
88%
the following songs that are on Showbiz (1999).Micro CutsNo
88%
the following songs that are on Black Holes and Revelations (2006).Soldier's PoemYes
88%
the following songs that are on Absolution (2003).EndlesslyYes
86%
the following songs that are on Showbiz (1999).Hate This and I'll Love YouYes
84%
the following songs that are on Black Holes and Revelations (2006).Take a BowYes
84%
the following songs that are on Showbiz (1999).UnintendedYes
84%
the following songs that are on Origin of Symmetry (2001).DarkshinesYes
82%
the following songs that are on Absolution (2003).Falling Away with YouYes
80%
the following songs that are on The Resistance (2009).I Belong to YouYes
80%
the following songs that are on Origin of Symmetry (2001).MegalomaniaYes
80%
the following songs that are on Black Holes and Revelations (2006).InvincibleYes
75%

Score Distribution

Percentile by Number Answered

Percent of People with Each Score

Your Score History

You have not taken this quiz